Ján Krstiteľ

Bibliographic Details
Format: Article
Language:Slovak

MARC

LEADER 00000nab a2200000uu 4500
001 vtls011528904
003 SK-MaSNL
005 20260225175939.0
008 221107|1900 xo |||||||||||||||||slo|
015 |a SNBRB 
035 |a (urnnbn)urn:nbn:sk:snk:ar-a08xy7 
035 |a (uuid)98f96868-8cf2-46a6-8b59-88dd39ac4298 
035 |a urn:nbn:sk:snk-abeff9 
040 |a SNKBUCL  |b slo  |c SNKBUCL  |e AACR2 
041 0 |a slo 
044 |a xo  |c SK 
245 0 0 |a Ján Krstiteľ 
773 0 |t Cirkevné listy : časopis venovaný záujmom cirkve evanjelickej a. v.  |g Roč. 14, č. 8 (1900), s. 233-240 
958 |a ONDV 
958 |a article21 
999 |c 1835740  |d 1837670